Vplyv diferencovaných aeróbnych programov na vybrané motorické parametre študentiek Ekonomickej univerzity

Autorky na základe realizovaných diferencovaných aeróbnych pohybových programov na hodinách telesnej výchovy poukazujú na možnosti ich uplatnenia v pohybovom režime budúcich manažérok. Súčasne rozširujú poznatky a experimentálne vyhodnocujú diferencovaný vplyv aeróbnych pohybových programov na vybra...

Full description

Saved in:
Bibliographic Details
Main Author: Lörincziová, Drahomíra, 1971-
Other Authors: Tibenská, Martina
Format: Book Chapter
Language:Slovak
Subjects:
Tags: Add Tag
No Tags, Be the first to tag this record!

MARC

LEADER 00000nla a2200000 4500
001 0167397
005 20240502083409.7
041 0 |a slo 
044 |a CZ 
245 1 0 |a Vplyv diferencovaných aeróbnych programov na vybrané motorické parametre študentiek Ekonomickej univerzity  |c Drahomíra Lörincziová, Martina Tibenská 
520 |a Autorky na základe realizovaných diferencovaných aeróbnych pohybových programov na hodinách telesnej výchovy poukazujú na možnosti ich uplatnenia v pohybovom režime budúcich manažérok. Súčasne rozširujú poznatky a experimentálne vyhodnocujú diferencovaný vplyv aeróbnych pohybových programov na vybrané motorické parametre študentiek EU v Bratislave. 
610 2 0 |a vysokoškoláci 
610 2 0 |a ženy 
610 2 0 |a telovýchova 
610 2 0 |a šport 
610 2 0 |a zdravie 
100 1 |a Lörincziová, Drahomíra, 1971- 
700 1 |a Tibenská, Martina